| 000 | 03321nam a22004335a 4500 | ||
|---|---|---|---|
| 005 | 20091210145556.0 | ||
| 008 | 091208s2009 enka b 001 0 eng | ||
| 010 | _aB-370118-129 | ||
| 020 |
_a9780198064640 _c298.75 |
||
| 035 | _aB-370118-129 | ||
| 037 | _bImpulse | ||
| 082 | _a488 | ||
| 100 | _aCutts, Martin | ||
| 245 |
_aOxford guide to plain English / _cby Martin Cutts |
||
| 246 | _aGuide to plain English | ||
| 250 | _a2nd ed. | ||
| 260 |
_aNew Delhi _bOxford University Press _c2010(repr.). |
||
| 270 |
_aYMCA Library Building, Jai Singh Road, _bNew Delhi _e110001 |
||
| 300 |
_aiii, 202 p. _c18 cm(Hb) |
||
| 500 | _aThis book is published in 4 vol. and set price is 1195.00 | ||
| 504 | _aIncludes bibliographical references and index. | ||
| 650 |
_aEnglish language _xUsage. |
||
| 650 |
_aEnglish language _xErrors of usage. |
||
| 650 |
_aEnglish language _xGrammar. |
||
| 942 |
_2ddc _cCH _h488 _mCUT |
||
| 999 |
_c32461 _d32461 |
||